书目信息 |
| 题名: |
开心谜语小百科
|
|
| 作者: | 高伟杰 编著 | |
| 分册: | 交通建筑 | |
| 出版信息: | 北京 中国社会出版社 2010.03 |
|
| 页数: | 164页 | |
| 开本: | 19cm | |
| 丛书名: | ||
| 单 册: | ||
| 中图分类: | U-49 , I277.8 | |
| 科图分类: | ||
| 主题词: | 谜语--mi yu--中国--汇编 , 交通--jiao tong--普及读物 , 建筑--jian zhu--普及读物 | |
| 电子资源: | ||
| ISBN: | 978-7-5087-2999-2 | |
| 000 | 00915nam0 2200277 450 | |
| 001 | 012010643746 | |
| 005 | 20100807115659.31 | |
| 010 | @a978-7-5087-2999-2@dCNY10.00 | |
| 100 | @a20100806d2010 em y0chiy0120 ea | |
| 101 | 0 | @achi |
| 102 | @aCN@b110000 | |
| 105 | @aa z 000yy | |
| 106 | @ar | |
| 200 | 1 | @a开心谜语小百科@Akai xin mi yu xiao bai ke@i交通建筑@f高伟杰编著@Fgao wei jie bian zhu |
| 210 | @a北京@c中国社会出版社@d2010.03 | |
| 215 | @a164页@c图@d19cm | |
| 330 | @a本书的主要内容包括:自行车、摩托车、公共汽车、无轨电车、火车、轮船、飞机、直升机、地铁列车、洒水车、消防车等。 | |
| 517 | 1 | @a交通建筑@Ajiao tong jian zhu |
| 606 | 0 | @a谜语@Ami yu@y中国@j汇编 |
| 606 | 0 | @a交通@Ajiao tong@j普及读物 |
| 606 | 0 | @a建筑@Ajian zhu@j普及读物 |
| 690 | @aU-49@v4 | |
| 690 | @aI277.8@v4 | |
| 701 | 0 | @a高伟杰@Agao wei jie@4编著 |
| 801 | 0 | @aCN@bQSSK@c20100807 |
| 905 | @b786303-05@dU-49@eG182@f3 | |
| 开心谜语小百科.交通建筑/高伟杰编著.-北京:中国社会出版社,2010.03 |
| 164页:图;19cm |
| ISBN 978-7-5087-2999-2:CNY10.00 |
| 本书的主要内容包括:自行车、摩托车、公共汽车、无轨电车、火车、轮船、飞机、直升机、地铁列车、洒水车、消防车等。 |
| ● |
| 相关链接 |
|
|
|
正题名:开心谜语小百科
索取号:U-49/G182
 
预约/预借
| 序号 | 登录号 | 条形码 | 馆藏地/架位号 | 状态 | 备注 |
| 1 | 786303 | 207863034 | 自科库501/501自科库 48排7列5层/ [索取号:U-49/G182] | 在馆 | |
| 2 | 786304 | 207863043 | 期刊室512/501自科库 48排7列5层/ [索取号:U-49/G182] | 在馆 | |
| 3 | 786305 | 207863052 | 自科库501/501自科库 48排7列5层/ [索取号:U-49/G182] | 在馆 |